Радиоактивные выбросы в атмосферу. Проектирование установок для очистки выбросов от аэрозолей и газов

Detalhes bibliográficos
Autor principal: Пречистенский С. А.
Idioma:russo
Publicado em: Москва, Госатомиздат, 1961
Assuntos:
Formato: Livro
KOHA link:https://koha.lib.tpu.ru/cgi-bin/koha/opac-detail.pl?biblionumber=284945

MARC

LEADER 00000nam0a2200000 4500
001 284945
005 20231101235739.0
035 |a (RuTPU)RU\TPU\book\309141 
090 |a 284945 
100 |a 20150219d1961 k y0rusy50 ca 
101 0 |a rus 
102 |a RU 
105 |a a z 001zy 
200 1 |a Радиоактивные выбросы в атмосферу. Проектирование установок для очистки выбросов от аэрозолей и газов  |f С. А. Пречистенский 
210 |a Москва  |c Госатомиздат  |d 1961 
215 |a 175 с.  |c ил. 
320 |a Библиогр.: с. 171-172 
606 1 |a Промышленная санитария  |2 stltpush  |3 (RuTPU)RU\TPU\subj\52244  |9 70732 
610 1 |a радиоактивные выбросы 
610 1 |a атмосфера 
610 1 |a установки 
610 1 |a проектирование 
610 1 |a очистка 
610 1 |a аэрозоли 
610 1 |a газы 
675 |a 628.5  |v 4 
700 1 |a Пречистенский  |b С. А. 
801 1 |a RU  |b 63413507  |c 20150219 
801 2 |a RU  |b 63413507  |c 20170602  |g RCR 
942 |c BK